[Event "Valencia Monteolivete op 4th"]
[Site "Valencia"]
[Date "2024.07.21"]
[Round "9"]
[White "Gomez Pastrana, Juan"]
[Black "Bono Monreal, Alberto"]
[Result "1-0"]
[WhiteElo "2148"]
[BlackElo "2071"]
[PlyCount "37"]
[EventDate "2024.07.15"]
[EventType "swiss"]
[EventRounds "9"]
[EventCountry "ESP"]
[SourceTitle "EXT 2025"]
[Source "ChessBase"]
[SourceDate "2024.10.14"]
[SourceVersion "1"]
[SourceVersionDate "2024.10.14"]
[SourceQuality "1"]

1. e4 e5 2. Nc3 Nc6 3. Bc4 Nf6 4. d3 Na5 5. Nge2 c6 6. f4 Nxc4 7. dxc4 Bc5 8. Ng3 d5 9. f5 h5 10. Bg5 h4 11. Nh5 Qb6 12. Nxg7+ Ke7 13. Nh5 Rxh5 14. Qxh5 Qxb2 15. Bxf6+ Kxf6 16. Qh8+ Kg5 17. Qg7+ Kf4 18. Rf1+ Ke3 19. Nd1+ 1-0

[Event "Sitges Sunway op-A 5th"]
[Site "Sitges"]
[Date "2018.12.18"]
[Round "5"]
[White "Perez Bolanos, Joel"]
[Black "Bono Monreal, Alberto"]
[Result "1/2-1/2"]
[WhiteElo "1717"]
[BlackElo "2014"]
[PlyCount "70"]
[EventDate "2018.12.14"]
[EventType "swiss"]
[EventRounds "10"]
[EventCountry "ESP"]
[SourceTitle "CBM 187 Extra"]
[Source "ChessBase"]
[SourceDate "2018.11.04"]
[SourceVersion "1"]
[SourceVersionDate "2018.11.04"]
[SourceQuality "1"]

1. e4 c5 2. Nf3 d6 3. d4 cxd4 4. Nxd4 Nf6 5. Nc3 e5 6. Nb3 Be7 7. g3 0-0 8. Bg2 a5 9. a4 Nc6 10. 0-0 Bg4 11. f3 Be6 12. Nd5 Rc8 13. c3 Re8 14. Be3 Bf8 15. Bb6 Qd7 16. Nxf6+ gxf6 17. Nxa5 Bh6 18. Nxc6 bxc6 19. a5 c5 20. Qa4 Qe7 21. Rfd1 f5 22. Rd3 Bd7 23. Qd1 Rc6 24. Qe2 fxe4 25. fxe4 f5 26. exf5 e4 27. Qg4+ Kh8 28. Re1 Qf7 29. Bxe4 Bxf5 30. Qf3 Qe6 31. Qxf5 Qxf5 32. Bxf5 Rxe1+ 33. Kf2 Rb1 34. Bd7 Rxb2+ 35. Kf3 Rcxb6 1/2-1/2

[Event "Mislata op 50th"]
[Site "Mislata"]
[Date "2016.08.14"]
[Round "9"]
[White "Bono Monreal, Alberto"]
[Black "Lucas Leon, Angel"]
[Result "0-1"]
[WhiteElo "1832"]
[BlackElo "1922"]
[PlyCount "62"]
[EventDate "2016.08.08"]
[EventType "swiss"]
[EventRounds "9"]
[EventCountry "ESP"]
[SourceTitle "EXT 2017"]
[Source "ChessBase"]
[SourceDate "2016.10.25"]
[SourceVersion "1"]
[SourceVersionDate "2016.10.25"]
[SourceQuality "1"]

1. e4 c6 2. Nc3 d5 3. Nf3 Bg4 4. d4 e6 5. h3 Bxf3 6. Qxf3 dxe4 7. Qxe4 Nf6 8. Qd3 Be7 9. Be2 0-0 10. 0-0 Qc7 11. Ne4 Nbd7 12. Nxf6+ Nxf6 13. c4 Rad8 14. Be3 c5 15. Qc3 Ne4 16. Qc2 cxd4 17. Qxe4 dxe3 18. Qxe3 Bc5 19. Qc3 Rd7 20. Rad1 Rfd8 21. Bf3 Bd4 22. Qb3 Rd6 23. Qc2 g6 24. g3 Rb6 25. b3 Qxg3+ 26. Bg2 Qf4 27. c5 Rb5 28. Qe2 Rxc5 29. Bxb7 Rg5+ 30. Kh1 Rb8 31. Bg2 Bc5 0-1

[Event "Mislata op 50th"]
[Site "Mislata"]
[Date "2016.08.11"]
[Round "6"]
[White "Kovacevic, Slobodan"]
[Black "Bono Monreal, Alberto"]
[Result "1-0"]
[WhiteElo "2303"]
[BlackElo "1832"]
[PlyCount "49"]
[EventDate "2016.08.08"]
[EventType "swiss"]
[EventRounds "9"]
[EventCountry "ESP"]
[SourceTitle "EXT 2017"]
[Source "ChessBase"]
[SourceDate "2016.10.25"]
[SourceVersion "1"]
[SourceVersionDate "2016.10.25"]
[SourceQuality "1"]

1. d4 Nf6 2. Nf3 d5 3. Bf4 c5 4. e3 Nc6 5. c3 Qb6 6. Qb3 c4 7. Qc2 Bf5 8. Qc1 e6 9. Nbd2 Be7 10. Be2 0-0 11. 0-0 Rfc8 12. Bd1 Qd8 13. Bc2 b5 14. a3 a5 15. Bg5 Bxc2 16. Qxc2 b4 17. Bxf6 Bxf6 18. e4 e5 19. dxe5 dxe4 20. Qxe4 bxc3 21. Nxc4 cxb2 22. Rad1 Qe8 23. Nd6 Qe7 24. Nxc8 Rxc8 25. Qf5 1-0

[Event "Sueca op 2nd"]
[Site "Sueca"]
[Date "2016.07.29"]
[Round "6.16"]
[White "Reig Albero, Ferran"]
[Black "Bono Monreal, Alberto"]
[Result "1-0"]
[WhiteElo "1993"]
[BlackElo "1856"]
[PlyCount "60"]
[EventDate "2016.07.25"]
[EventType "swiss"]
[EventRounds "8"]
[EventCountry "ESP"]
[SourceTitle "EXT 2024"]
[Source "ChessBase"]
[SourceDate "2023.10.10"]
[SourceVersion "1"]
[SourceVersionDate "2023.10.10"]
[SourceQuality "1"]

1. e4 e5 2. Nf3 Nc6 3. Bb5 a6 4. Ba4 Nf6 5. d3 d6 6. c3 g6 7. Bg5 b5 8. Bc2 Bg7 9. Nbd2 0-0 10. Nf1 Bb7 11. Ne3 Ne7 12. 0-0 c5 13. Re1 Qc7 14. Qe2 Nc8 15. Rad1 Nb6 16. h3 Nbd7 17. Nh2 Kh8 18. Nhg4 Nxg4 19. Qxg4 Nf6 20. Qh4 Ne8 21. Bb3 f6 22. Bh6 f5 23. Nxf5 gxf5 24. f4 exf4 25. Bxf4 Nf6 26. exf5 c4 27. Bc2 Qc6 28. Rd2 Nd5 29. d4 Rxf5 30. Bxf5 Rf8 1-0

[Event "ESP-ch U16"]
[Site "Granada"]
[Date "2016.07.18"]
[Round "1"]
[White "Bono Monreal, Alberto"]
[Black "Garcia Martin, Marta"]
[Result "0-1"]
[WhiteElo "1856"]
[BlackElo "2257"]
[PlyCount "96"]
[EventDate "2016.07.18"]
[EventType "swiss"]
[EventRounds "9"]
[EventCountry "ESP"]
[SourceTitle "EXT 2024"]
[Source "ChessBase"]
[SourceDate "2023.10.10"]
[SourceVersion "1"]
[SourceVersionDate "2023.10.10"]
[SourceQuality "1"]

1. e4 e5 2. Nf3 Nc6 3. d4 exd4 4. Nxd4 Bb4+ 5. c3 Bc5 6. Be3 Bb6 7. Bc4 Nf6 8. Nd2 0-0 9. 0-0 Ne5 10. Be2 d5 11. Bf4 Re8 12. exd5 Nxd5 13. Bxe5 Rxe5 14. N2f3 Re8 15. Bc4 Nf4 16. Qb3 Qf6 17. Rfe1 Bg4 18. Qb5 c6 19. Qg5 Qxg5 20. Nxg5 Bh5 21. Nf5 Bc5 22. Ne4 Bf8 23. Nfd6 Re7 24. Nf5 Rd7 25. Neg3 Bg4 26. Ne3 Be6 27. Bxe6 Nxe6 28. Rad1 Rc7 29. Rd2 a5 30. Red1 g6 31. Nc4 Kg7 32. Kf1 a4 33. Nb6 Ra5 34. Ne2 Bc5 35. Nc4 Ra8 36. Nc1 Be7 37. Rd7 Bf6 38. Rxc7 Nxc7 39. Rd7 Nb5 40. Rxb7 Rd8 41. Ke2 Re8+ 42. Ne3 a3 43. bxa3 Nxc3+ 44. Kf3 Ra8 45. Rc7 Nb5 46. Rb7 Rxa3 47. g3 Bb2 48. Nd3 Rxd3 0-1

[Event "Alzira Christmas 5th"]
[Site "Alzira"]
[Date "2015.12.29"]
[Round "4.9"]
[White "Bono Monreal, Alberto"]
[Black "Roca Cruz, Rafael"]
[Result "1/2-1/2"]
[WhiteElo "1778"]
[BlackElo "1906"]
[PlyCount "39"]
[EventDate "2015.12.28"]
[EventType "swiss"]
[EventRounds "7"]
[EventCountry "ESP"]
[SourceTitle "EXT 2024"]
[Source "ChessBase"]
[SourceDate "2023.10.10"]
[SourceVersion "1"]
[SourceVersionDate "2023.10.10"]
[SourceQuality "1"]

1. e4 c5 2. c3 e6 3. d4 d5 4. exd5 exd5 5. Nf3 Nc6 6. Bd3 cxd4 7. Nxd4 Nxd4 8. cxd4 Bd6 9. 0-0 Ne7 10. Re1 Qc7 11. h3 0-0 12. Qf3 Be6 13. Nc3 a6 14. Bd2 Rac8 15. Bg5 Qd7 16. Rac1 f6 17. Bf4 Bf7 18. Bxd6 Qxd6 19. Re2 Nc6 20. Rd1 1/2-1/2

[Event "Sueca op 1st"]
[Site "Sueca"]
[Date "2015.07.28"]
[Round "2"]
[White "Alberola Mulet, Jairo"]
[Black "Bono Monreal, Alberto"]
[Result "1-0"]
[WhiteElo "2185"]
[BlackElo "1891"]
[PlyCount "47"]
[EventDate "2015.07.27"]
[EventType "swiss"]
[EventRounds "8"]
[EventCountry "ESP"]
[SourceTitle "EXT 2016"]
[Source "ChessBase"]
[SourceDate "2015.10.08"]
[SourceVersion "1"]
[SourceVersionDate "2015.10.08"]
[SourceQuality "1"]

1. d4 Nf6 2. Nf3 e6 3. g3 c5 4. Bg2 cxd4 5. Nxd4 Nc6 6. 0-0 Bc5 7. Nb3 Bb6 8. c4 Qe7 9. Nc3 Ne5 10. c5 Bxc5 11. Bf4 Nc4 12. Nb5 0-0 13. Nc7 e5 14. Nxa8 exf4 15. Qc2 d5 16. Nxc5 Qxc5 17. b3 Be6 18. gxf4 Rxa8 19. bxc4 dxc4 20. Bxb7 Rb8 21. Bg2 g6 22. Qc3 Nd5 23. Qe5 Re8 24. Rfd1 1-0

[Event "Provincial-ch Valencia Primera"]
[Site "Valencia"]
[Date "2014.11.08"]
[Round "5.7"]
[White "Anguix Gomez, Exuperio"]
[Black "Bono Monreal, Alberto"]
[Result "1/2-1/2"]
[WhiteElo "1859"]
[BlackElo "1714"]
[PlyCount "96"]
[EventDate "2014.09.27"]
[EventType "swiss"]
[EventRounds "7"]
[EventCountry "ESP"]
[SourceTitle "EXT 2024"]
[Source "ChessBase"]
[SourceDate "2023.10.10"]
[SourceVersion "1"]
[SourceVersionDate "2023.10.10"]
[SourceQuality "1"]

1. Nf3 Nf6 2. c4 g6 3. g3 Bg7 4. Bg2 0-0 5. 0-0 e6 6. d4 d5 7. Nc3 dxc4 8. Ne5 Nh5 9. Nxc4 c6 10. e3 Nd7 11. Bf3 Nhf6 12. b4 Nb6 13. Qb3 Nfd5 14. Ne4 Nxc4 15. Qxc4 Qb6 16. Bd2 Rd8 17. a4 a6 18. Rab1 Bd7 19. Rfc1 Bf8 20. Nc5 Rac8 21. e4 Nf6 22. Bg5 Be7 23. e5 Nd5 24. Bxe7 Nxe7 25. Ne4 Nf5 26. Rd1 Kg7 27. Nf6 Be8 28. Qc5 Qc7 29. a5 Qe7 30. Qc3 Qc7 31. g4 Ne7 32. h4 Nd5 33. Bxd5 cxd5 34. Qxc7 Rxc7 35. Rbc1 Rc4 36. Rxc4 dxc4 37. Ne4 Bb5 38. Nd6 Rd7 39. Rc1 Rc7 40. f4 c3 41. Kf2 c2 42. Nxb5 axb5 43. Ke2 Rc4 44. Kd3 Rxb4 45. Rxc2 Ra4 46. Rc7 Rxa5 47. Rxb7 Ra3+ 48. Ke4 Rg3 1/2-1/2

[Event "Provincial-ch Valencia Segunda"]
[Site "Valencia"]
[Date "2013.11.02"]
[Round "4"]
[White "Bono Monreal, Alberto"]
[Black "Cabrera Piqueres, Vicente"]
[Result "1/2-1/2"]
[WhiteElo "1440"]
[BlackElo "1627"]
[PlyCount "84"]
[EventDate "2013.10.05"]
[EventType "swiss"]
[EventRounds "7"]
[EventCountry "ESP"]
[SourceTitle "EXT 2024"]
[Source "ChessBase"]
[SourceDate "2023.10.10"]
[SourceVersion "1"]
[SourceVersionDate "2023.10.10"]
[SourceQuality "1"]

1. e4 e5 2. Nf3 Nc6 3. Bc4 Be7 4. d4 exd4 5. Nxd4 Ne5 6. Bb3 Nf6 7. Nc3 d6 8. h3 c5 9. Ba4+ Bd7 10. Bxd7+ Nfxd7 11. Nf5 0-0 12. 0-0 Nb6 13. Nb5 Nc8 14. Qd5 Qb6 15. Nxe7+ Nxe7 16. Qxd6 Qxb5 17. Qxe5 Ng6 18. Qg3 Rfe8 19. Re1 Rad8 20. b3 Rd7 21. Bb2 c4 22. Qc3 f6 23. Qe3 a6 24. Rad1 cxb3 25. Rxd7 Qxd7 26. Qxb3+ Kh8 27. Bc3 h6 28. Qd5 Qc7 29. Qd3 Rd8 30. Qg3 Qf7 31. Ba5 Re8 32. Qb3 Qd7 33. f3 Re5 34. Bc3 Rb5 35. Qc4 Nf4 36. e5 fxe5 37. Bxe5 Ng6 38. Bc3 b6 39. Qe4 Kh7 40. Qe2 Qc8 41. Qe6 Qc5+ 42. Kh1 Qc7 1/2-1/2

[Event "Provincial-ch Valencia Segunda"]
[Site "Valencia"]
[Date "2013.10.26"]
[Round "3.1"]
[White "Bono Monreal, Alberto"]
[Black "Garrigues Pinazo, Jorge Ignacio"]
[Result "0-1"]
[WhiteElo "1440"]
[BlackElo "1741"]
[PlyCount "64"]
[EventDate "2013.10.05"]
[EventType "swiss"]
[EventRounds "7"]
[EventCountry "ESP"]
[SourceTitle "EXT 2024"]
[Source "ChessBase"]
[SourceDate "2023.10.10"]
[SourceVersion "1"]
[SourceVersionDate "2023.10.10"]
[SourceQuality "1"]

1. e4 c5 2. c3 Nc6 3. Nf3 g6 4. d4 cxd4 5. cxd4 Bg7 6. Nc3 Qb6 7. e5 Nh6 8. Na4 Qc7 9. Be2 0-0 10. 0-0 Nf5 11. Bf4 Qd8 12. d5 Nb8 13. Qd2 d6 14. Rac1 dxe5 15. Nxe5 Nd7 16. Nxd7 Bxd7 17. Nc5 Bc8 18. Nb3 Nd6 19. Rc2 Bf5 20. Bd3 Bxd3 21. Qxd3 Rc8 22. Rxc8 Qxc8 23. Rc1 Qd8 24. Rc2 Qb6 25. Be3 Qd8 26. Bxa7 b5 27. Bd4 f6 28. Bc5 Nc4 29. Nd2 Ne5 30. Qb3 Kh8 31. Qxb5 Qxd5 32. Bxe7 Qxb5 0-1